00274nam a2200109Ia 4500008004100000100002300041245002300064260000900087300003500096440002400131650000900155180117s9999 xx 000 0 und d aby Margarita Fores 4aThe future of Food c2017 a28-29 pages, 2017 September 24 aPhilippine Panorama aFOOD